Dzielnice Tarnowskich Gór z mapą - Statystyki

Ogólne statystyki
  • Ten quiz został rozwiązany 301 razy
  • Średni wynik to 7 z 11
Odpowiedzi na mapie
Odpowiedzi zakodowano w zielono-czerwonej skali na mapie do tego quizu, zgodnie z poniższymi procentami.
 
Statystyki odpowiedzi
Dzielnica % Poprawnych
Śródmieście
91%
Stare Tarnowice
67%
Osada Jana
65%
Strzybnica
64%
Lasowice
61%
Repty Śląskie
61%
Bobrowniki Śląskie - Piekary Rudne
58%
Sowice
54%
Rybna
51%
Opatowice
48%
Pniowiec
45%
Nie znaleziono quizów pasujących do podanych kryteriów
Rozkład punktacji
Procent ludzi z każdym wynikiem
Percentyl według liczby udzielonych odpowiedzi
Twoja historia wyników
Nie rozwiązałeś tego quizu